Lupene vo vetre

Bibliographic Details
Main Author: Andrews, V. C. (Virginia C.), 1924-1986 (Author)
Other Authors: Kočanová, Mária, 1955- (Translator)
Format: Book
Language:Slovak
English
Published: Bratislava Noxi 2019
Edition:Prvé vydanie
Subjects:

MARC

LEADER 00000cam a2200000 b4500
001 vtls011910028
003 SK-MaSNL
005 20260301145647.0
008 210701s2019 xo gr 010 f slo
015 |a SNBA2020/10 
020 |a 9788081115295  |q (viazané)  |z 9788081115066 
035 |a urn:nbn:sk:snk-am00fbc1 
035 |a urn:nbn:sk:snk-am3ipqf 
035 |a CCB85AC3-45C3-4611-A0E6-93CB6CD7CB9F 
040 |a SNK  |b slo  |c SNK  |e rda 
041 1 |a slo  |h eng 
044 |a xo  |c SK 
072 7 |a 821.111(73)-3  |x Americká próza  |2 konspekt 
080 |a 821.111(73)-31  |2 2011 
080 |a (0:82-312.5)  |2 2011 
100 1 |a Andrews, V. C.  |q (Virginia C.),  |d 1924-1986  |4 aut  |9 68264 
240 1 0 |a Petals on the wind  |l Slovensky 
245 1 0 |a Lupene vo vetre  |c Virginia C. Andrews ; z anglického originálu Petals on the wind ... preložila Mária Kočanová 
250 |a Prvé vydanie 
264 1 |a Bratislava  |b Noxi  |c 2019 
300 |a 423 strán  |c 21 cm 
336 |a text  |b txt  |2 rdacontent 
337 |a bez média  |b n  |2 rdamedia 
338 |a zväzok  |b nc  |2 rdacarrier 
500 |a Celkovo druhé vydanie 
500 |a Preložené z angličtiny 
655 7 |a americké romány  |2 SNKPH  |9 1174 
655 7 |a American novels  |2 SNKPHeng  |9 277755 
655 7 |a ľúbostné romány  |2 SNKPH  |9 70497 
655 7 |a Love novels  |2 SNKNB  |2 SNKPHeng  |9 277756 
700 1 |a Kočanová, Mária,  |d 1955-  |4 trl  |9 123861 
700 1 |i Voľné pokračovanie diela:  |a Andrews, V. C.  |q (Virginia C.),  |d 1924-1986  |t Kvety v podkroví  |9 203714 
700 1 |i Voľné pokračovanie:  |a Andrews, V. C.  |q (Virginia C.),  |d 1924-1986  |t Budú aj tŕne  |9 505793 
787 0 8 |i Zo série:  |t Dollanganger  |g 2 
787 0 8 |i Zo série:  |t Príbeh Dollangangerovcov  |g 2 
919 |a 978-80-8111-529-5 
958 |a OND 
958 |a LX 
958 |a UP 
968 |b ENG 
999 |c 780903  |d 782833 
952 |a SNK  |b SNK  |y PREZ  |7 0  |p 17A1444460  |o snkSC 184935/2  |i snk2020/17634  |8 0  |0 0  |1 0  |4 0  |d 2020-10-01  |f 1  |l 0  |r 2026-02-24 01:04:00  |w 2026-02-24 
952 |a SNK  |b SNK  |y PREZ  |7 0  |p 17A1444461  |o snkSC 184935/2 D1  |i snk2020/17636  |8 0  |0 0  |1 0  |4 0  |d 2020-10-01  |l 0  |r 2026-02-24 01:04:00  |w 2026-02-24